| Tag |
First Indicator |
Second Indicator |
Subfields |
| LEADER |
00000cam a2200000 4500 |
| 001 |
in00000045200 |
| 005 |
20151007071133.0 |
| 008 |
800602s1944 gw af 00010 ger d |
| 035 |
|
|
|a (OCoLC)06382365
|
| 035 |
|
|
|9 AAE5385AM
|
| 040 |
|
|
|a TXA
|c TXA
|d UtOrBLW
|
| 049 |
|
|
|a TXAM
|c [145351]
|
| 090 |
|
|
|a QH310
|b .T55 1944
|
| 092 |
|
|
|a 574
|b T433
|
| 100 |
1 |
|
|a Thieme, Erich,
|d 1892-
|
| 245 |
1 |
4 |
|a Das leben :
|b band 3 (klasse 5) /
|c bearbeitet von Erich Thieme.
|
| 250 |
|
|
|a 3. aufl.,
|b mit 159 abbildungen im text, 11 schwarzen und einer ahnentafel im anhang.
|
| 264 |
|
1 |
|a Leipzig,
|a Berlin :
|b B.G. Teubner,
|c 1944.
|
| 300 |
|
|
|a 148 pages :
|b illustrations XI plates.
|
| 336 |
|
|
|a text
|b txt
|2 rdacontent
|
| 337 |
|
|
|a unmediated
|b n
|2 rdamedia
|
| 338 |
|
|
|a volume
|b nc
|2 rdacarrier
|
| 490 |
0 |
|
|a Kraepelin-Schaffer-Franke. Biologisches unterrichtswerk fur hohere schulen
|
| 650 |
|
0 |
|a Biology.
|
| 999 |
|
|
|a MARS
|
| 999 |
f |
f |
|s 3fd5557a-ca83-3b86-b732-76ad3fd0c7f8
|i 71ebd8b8-750c-39b7-9209-4e552ec0b9d7
|t 0
|
| 952 |
f |
f |
|p ric
|a Texas A&M University
|b Rellis Campus
|c Joint Library Facility
|d Remote Storage
|t 0
|e QH310 .T55 1944
|h Library of Congress classification
|i unmediated -- volume
|m A14800971305
|
| 998 |
f |
f |
|a QH310 .T55 1944
|t 0
|l Remote Storage
|